[Event "SK Weisse Dame Hamburg-SK Lehrte"]
[Site "Kiel"]
[Date "2019.09.09"]
[Round "5.2"]
[White "Richter, Merlin"]
[Black "Dornieden, Jonas"]
[Result "0-1"]
[WhiteElo "1522"]
[BlackElo "1929"]
[Annotator "Rnd./Pair./Board: 05.006.02"]
[PlyCount "118"]
[EventDate "2019.??.??"]
[WhiteTeam "SK Weisse Dame Hamburg"]
[BlackTeam "SK Lehrte"]

1. e4 c6 2. d4 d5 3. exd5 cxd5 4. Bd3 Nc6 5. c3 Nf6 6. h3 e6 7. Bf4 Bd6 8. Bxd6
Qxd6 9. Nf3 O-O 10. O-O Rb8 11. Re1 b5 12. Nbd2 a5 13. Ne5 b4 14. Ndf3 h6 15.
Qa4 Bd7 16. Nxc6 Qxc6 17. Qxc6 Bxc6 18. Ne5 Bb5 19. Rec1 Bxd3 20. Nxd3 bxc3 21.
Rxc3 Ne4 22. Rc6 Rfd8 23. Ra6 Ra8 24. Rxa8 Rxa8 25. Rc1 Nd6 26. Ne5 Rb8 27. Rc2
Nf5 28. Rd2 Rb4 29. Nc6 Rc4 30. Nxa5 Ra4 31. b4 Rxb4 32. Nb3 Kf8 33. Kf1 Nd6
34. Ke2 Ra4 35. Kd3 Nc4 36. Rc2 Ra3 37. Ke2 Ke7 38. Nd2 Nd6 39. Nb3 Nf5 40. Rd2
f6 41. Kd1 Nd6 42. Re2 Nb5 43. Kc1 Kd6 44. Kb2 Rxa2+ 45. Kxa2 Nc3+ 46. Kb2 Nxe2
47. g3 Ng1 48. h4 Nh3 49. f4 Nf2 50. Nc1 Kc6 51. Kc2 Kb5 52. Ne2 Kc4 53. Kd2 h5
54. Ke1 Ng4 55. Kd2 Nh6 56. Ke3 Nf5+ 57. Kf2 Nxd4 58. Ng1 Kd3 59. Kg2 Ke3 0-1

[Event "SK Weisse Dame Hamburg-SK Lehrte"]
[Site "Kiel"]
[Date "2019.09.09"]
[Round "5.3"]
[White "Busse, Lukas-Oliver"]
[Black "Tuerk, Janusch"]
[Result "1-0"]
[WhiteElo "1623"]
[BlackElo "1317"]
[Annotator "Rnd./Pair./Board: 05.006.03"]
[PlyCount "53"]
[EventDate "2019.??.??"]
[WhiteTeam "SK Lehrte"]
[BlackTeam "SK Weisse Dame Hamburg"]

1. e4 e5 2. Bc4 Nf6 3. d4 exd4 4. Nf3 Bc5 5. e5 d5 6. exf6 dxc4 7. fxg7 Rg8 8.
Bh6 Qe7+ 9. Qe2 Qxe2+ 10. Kxe2 Nc6 11. Ng5 Bf5 12. Nd2 Ne5 13. h3 d3+ 14. cxd3
cxd3+ 15. Kd1 Bg6 16. Re1 f6 17. Ne6 Bxf2 18. Rxe5 fxe5 19. Nxc7+ Kd7 20. Nxa8
e4 21. Rc1 Rxa8 22. Rc4 e3 23. Nf3 Re8 24. Rc1 d2 25. Ra1 e2+ 26. Kxd2 Bd4 27.
Nxd4 1-0

[Event "SK Weisse Dame Hamburg-SK Lehrte"]
[Site "Kiel"]
[Date "2019.09.09"]
[Round "5.4"]
[White "Worthmann Gonzalez, Luka"]
[Black "Kosmehl, Konrad"]
[Result "0-1"]
[WhiteElo "1136"]
[BlackElo "1556"]
[Annotator "Rnd./Pair./Board: 05.006.04"]
[PlyCount "72"]
[EventDate "2019.??.??"]
[WhiteTeam "SK Weisse Dame Hamburg"]
[BlackTeam "SK Lehrte"]

1. e4 c6 2. d4 d5 3. exd5 cxd5 4. Bd3 Nc6 5. c3 Nf6 6. h3 e6 7. Bf4 Be7 8. Nf3
O-O 9. O-O Re8 10. Re1 Bd6 11. Bxd6 Qxd6 12. Ne5 Bd7 13. Nd2 Re7 14. Ndf3 Rae8
15. Re3 Bc8 16. Qc2 h6 17. Rae1 Nd7 18. Nxc6 bxc6 19. Ne5 f6 20. Ng6 Rf7 21.
Nh4 Nf8 22. Rg3 e5 23. dxe5 fxe5 24. Nf5 Bxf5 25. Bxf5 e4 26. Bg4 c5 27. Bh5 g6
28. Be2 Rxf2 29. Kxf2 Qf4+ 30. Bf3 e3+ 31. Ke2 Qxg3 32. Bxd5+ Kh7 33. Rf1 Rd8
34. c4 Rxd5 35. Rf7+ Kg8 36. Rf3 Qxg2+ 0-1

[Event "Greifswalder SV-Hagener SV"]
[Site "Kiel"]
[Date "2019.09.09"]
[Round "5.1"]
[White "Brunner, Alexander"]
[Black "Fromm, Marius"]
[Result "0-1"]
[WhiteElo "1763"]
[BlackElo "2069"]
[Annotator "Rnd./Pair./Board: 05.007.01"]
[PlyCount "38"]
[EventDate "2019.??.??"]
[WhiteTeam "Hagener SV"]
[BlackTeam "Greifswalder SV"]

1. d4 Nf6 2. Nc3 d5 3. Bf4 e6 4. e3 Bb4 5. Bd3 O-O 6. Nf3 b6 7. Ne5 Bb7 8. g4
Ne4 9. Bxe4 dxe4 10. a3 Bxc3+ 11. bxc3 f6 12. Nc4 Nd7 13. Rg1 Ba6 14. Nb2 Qe7
15. g5 f5 16. Qd2 c6 17. h4 Rad8 18. f3 e5 19. Bh2 exf3 0-1

[Event "Greifswalder SV-Hagener SV"]
[Site "Kiel"]
[Date "2019.09.09"]
[Round "5.2"]
[White "Troyke, Jannis"]
[Black "Scheidt, Mike Niklas"]
[Result "1-0"]
[WhiteElo "1846"]
[BlackElo "1686"]
[Annotator "Rnd./Pair./Board: 05.007.02"]
[PlyCount "49"]
[EventDate "2019.??.??"]
[WhiteTeam "Greifswalder SV"]
[BlackTeam "Hagener SV"]

1. e4 c5 2. Nf3 Nc6 3. d4 cxd4 4. Nxd4 e6 5. Nc3 Qc7 6. g3 a6 7. Bg2 Nf6 8. O-O
Be7 9. Re1 O-O 10. Nxc6 dxc6 11. e5 Nd7 12. Bf4 g5 13. Qg4 h5 14. Qxh5 gxf4 15.
gxf4 Rd8 16. Re3 Nf8 17. Be4 Bc5 18. Rg3+ Ng6 19. Bxg6 Bxf2+ 20. Kxf2 Qb6+ 21.
Kf1 Qxb2 22. Bxf7+ Kf8 23. Qh8+ Ke7 24. Qf6+ Kd7 25. Rd1+ 1-0

[Event "Greifswalder SV-Hagener SV"]
[Site "Kiel"]
[Date "2019.09.09"]
[Round "5.3"]
[White "Paqarizi, Endrit"]
[Black "Wucherer, Sophie"]
[Result "0-1"]
[WhiteElo "1629"]
[BlackElo "1582"]
[Annotator "Rnd./Pair./Board: 05.007.03"]
[PlyCount "42"]
[EventDate "2019.??.??"]
[WhiteTeam "Hagener SV"]
[BlackTeam "Greifswalder SV"]

1. d4 Nf6 2. Nc3 d5 3. Bf4 a6 4. e3 e6 5. Bd3 c5 6. dxc5 Bxc5 7. Nf3 Nc6 8. O-O
O-O 9. e4 b5 10. e5 Nd7 11. Bxh7+ Kh8 12. Bd3 f6 13. exf6 Nxf6 14. Ne5 Nxe5 15.
Bxe5 Qe8 16. g4 Nd7 17. Bg3 Bb7 18. g5 e5 19. g6 Nf6 20. Bf5 Ng8 21. Qg4 Nh6
0-1

[Event "Greifswalder SV-Hagener SV"]
[Site "Kiel"]
[Date "2019.09.09"]
[Round "5.4"]
[White "Brandt, Mattis"]
[Black "Buchloh, Adrian"]
[Result "0-1"]
[WhiteElo "1155"]
[BlackElo "1622"]
[Annotator "Rnd./Pair./Board: 05.007.04"]
[PlyCount "74"]
[EventDate "2019.??.??"]
[WhiteTeam "Greifswalder SV"]
[BlackTeam "Hagener SV"]

1. e4 d5 2. exd5 Qxd5 3. Nc3 Qa5 4. d4 Nf6 5. Nf3 Bg4 6. h3 Bh5 7. g4 Bg6 8.
Ne5 c6 9. Nxg6 hxg6 10. Bd2 Qb6 11. g5 Nd5 12. Nxd5 cxd5 13. Bc3 Nd7 14. Qf3 e6
15. Bd3 Bb4 16. Bxb4 Qxb4+ 17. c3 Qxb2 18. Rb1 Qxc3+ 19. Kf1 Qc7 20. Kg2 b6 21.
Rhc1 Qd6 22. Bb5 O-O 23. Rc6 Qe7 24. Qg3 Rfc8 25. Rd6 Rc7 26. Re1 Qd8 27. Re3
a6 28. Bxd7 Rxd7 29. Rc6 Rc8 30. Rec3 Rxc6 31. Rxc6 Rb7 32. h4 Qd7 33. Qc3 a5
34. Rc8+ Kh7 35. Ra8 Rc7 36. Qa3 Rc8 37. Ra6 Qb7 0-1

[Event "SG Jasmund-SV Bad Schwartau"]
[Site "Kiel"]
[Date "2019.09.09"]
[Round "5.2"]
[White "Johlke, Lorenz"]
[Black "Elstner, Mirja"]
[Result "1-0"]
[WhiteElo "1695"]
[BlackElo "1243"]
[Annotator "Rnd./Pair./Board: 05.008.02"]
[PlyCount "87"]
[EventDate "2019.??.??"]
[WhiteTeam "SG Jasmund"]
[BlackTeam "SV Bad Schwartau"]

1. e4 e5 2. f4 exf4 3. Nf3 Nc6 4. d4 d5 5. e5 Nge7 6. Bxf4 g6 7. Bb5 Bg7 8. Nc3
Bf5 9. O-O Qd7 10. Bg5 Bf8 11. Na4 Nc8 12. Qd2 a6 13. Be2 b6 14. b3 N6e7 15. c4
dxc4 16. Bxc4 b5 17. Nc5 Qc6 18. Bd3 Bxd3 19. Qxd3 Nd5 20. Rac1 Qb6 21. Qe4 c6
22. Bf6 Rg8 23. e6 Nxf6 24. exf7+ Kxf7 25. Qe6+ Kg7 26. Ng5 Nd6 27. Qxf6+ Kh6
28. Rf3 Kh5 29. g4+ Kh4 30. Rh3+ Kxg4 31. Rf1 Nf5 32. Rhf3 Bxc5 33. Rf4+ Kh5
34. dxc5 Qxc5+ 35. Kh1 Qd5+ 36. Ne4 h6 37. Rxf5+ gxf5 38. Rxf5+ Qxf5 39. Qxf5+
Kh4 40. Qf2+ Kh3 41. Qf3+ Kh4 42. Ng3 Kg5 43. Qf5+ Kh4 44. Qh5# 1-0

[Event "SG Jasmund-SV Bad Schwartau"]
[Site "Kiel"]
[Date "2019.09.09"]
[Round "5.3"]
[White "Schwerdtfeger, Hauke"]
[Black "Wellssow, Keoki"]
[Result "0-1"]
[WhiteElo "1257"]
[BlackElo "1659"]
[Annotator "Rnd./Pair./Board: 05.008.03"]
[PlyCount "50"]
[EventDate "2019.??.??"]
[WhiteTeam "SV Bad Schwartau"]
[BlackTeam "SG Jasmund"]

1. e4 g6 2. Nf3 Bg7 3. Nc3 d6 4. Bc4 a6 5. d3 b5 6. Bb3 Nf6 7. Be3 Bb7 8. Qd2
O-O 9. Bh6 Nbd7 10. Bxg7 Kxg7 11. O-O c5 12. a3 Rc8 13. a4 c4 14. Ba2 b4 15.
Ne2 cxd3 16. cxd3 a5 17. Rac1 Qb6 18. Bb3 Nc5 19. Qd1 Rc7 20. Nd2 Nxd3 21. Nc4
Rxc4 22. Bxc4 Nxc1 23. Nxc1 Nxe4 24. Qe2 Qc6 25. Bd3 Nd2 0-1

[Event "SG Jasmund-SV Bad Schwartau"]
[Site "Kiel"]
[Date "2019.09.09"]
[Round "5.4"]
[White "Wellssow, Lio Keanu"]
[Black "Deierberg, Simon"]
[Result "0-1"]
[WhiteElo "1173"]
[BlackElo "1074"]
[Annotator "Rnd./Pair./Board: 05.008.04"]
[PlyCount "70"]
[EventDate "2019.??.??"]
[WhiteTeam "SG Jasmund"]
[BlackTeam "SV Bad Schwartau"]

1. e4 e6 2. b3 d5 3. exd5 exd5 4. d4 c5 5. Nf3 Nc6 6. Be2 Bd6 7. Nc3 Nge7 8.
O-O h6 9. Bb2 a6 10. Re1 O-O 11. dxc5 Bxc5 12. Na4 Bd6 13. Nd4 Re8 14. Bg4 b5
15. Bxc8 Rxc8 16. Nxc6 Rxc6 17. Qd4 f6 18. Nc3 Kf8 19. Nxd5 Nxd5 20. Qxd5 Bxh2+
21. Kxh2 Qxd5 22. Ba3+ Kf7 23. Rad1 Qh5+ 24. Kg1 Rxe1+ 25. Rxe1 Rxc2 26. Re7+
Kg6 27. Rd7 Qf5 28. f3 Qxd7 29. Kh2 Qd2 30. Kh3 Qxg2+ 31. Kh4 Qg1 32. Bd6 Qd4+
33. Kg3 Qxd6+ 34. Kg4 Rg2+ 35. Kh4 Qh2# 0-1